Kadra reprezentacji Austrii na Euro 2024 - Statystyki

Ogólne statystyki
  • Ten quiz został rozwiązany 172 razy
  • Średni wynik to 7 z 26
Statystyki odpowiedzi
Zawodnik Pozycja Klub % Poprawnych
Marko Arnautović Napastnik Inter Mediolan
86%
Marcel Sabitzer Pomocnik Borussia Dortmund
84%
Konrad Laimer Pomocnik Bayern Monachium
71%
Kevin Danso Obrońca RC Lens
52%
Christoph Baumgartner Pomocnik RB Lipsk
43%
Stefan Posch Obrońca Bologna
42%
Gernot Trauner Obrońca Feyenoord Rotterdam
39%
Patrick Pentz Bramkarz Brøndby IF
33%
Maximilian Wöber Obrońca Borussia Mönchengladbach
27%
Michael Gregoritsch Napastnik SC Freiburg
27%
Nicolas Seiwald Pomocnik RB Lipsk
25%
Patrick Wimmer Pomocnik VfL Wofsburg
23%
Phillipp Mwene Obrońca FSV Mainz
23%
Philipp Lienhart Obrońca SC Freiburg
22%
Romano Schmid Pomocnik Werder Brema
16%
Alexander Prass Pomocnik Sturm Graz
14%
Florian Grillitsch Pomocnik TSG Hoffenheim
14%
Florian Kainz Pomocnik 1. FC Köln
14%
Niklas Hedl Bramkarz Rapid Wiedeń
8%
Heinz Lindner Bramkarz Union Saint-Gilloise
6%
Marco Grüll Pomocnik Rapid Wiedeń
6%
Andreas Weimann Napastnik West Bromwich Albion
5%
Matthias Seidl Pomocnik Rapid Wiedeń
5%
Flavius Daniliuc Obrońca Red Bull Salzburg
3%
Leopold Querfeld Obrońca Rapid Wiedeń
3%
Maximilian Entrup Napastnik TSV Hartberg
3%
Nie znaleziono quizów pasujących do podanych kryteriów
Rozkład punktacji
Procent ludzi z każdym wynikiem
Percentyl według liczby udzielonych odpowiedzi
Twoja historia wyników
Nie rozwiązałeś tego quizu